书目信息 |
| 题名: |
空间结构连续性倒塌机制与设计对策
|
|
| 作者: | 赵宪忠 编著 | |
| 分册: | ||
| 出版信息: | 北京 中国建筑工业出版社 2018.09 |
|
| 页数: | 175页 | |
| 开本: | 20cm | |
| 丛书名: | ||
| 单 册: | ||
| 中图分类: | TU352 | |
| 科图分类: | ||
| 主题词: | 建筑结构--特殊形式 | |
| 电子资源: | ||
| ISBN: | 978-7-112-23027-3 | |
| 000 | 00634nam0 2200193 45 | |
| 001 | 1939025073 | |
| 005 | 20190306105155.61 | |
| 010 | @a978-7-112-23027-3@dRMB 36.00 | |
| 100 | @a20190306d2018 km y0chiy0120 ea | |
| 101 | 0 | @achi |
| 102 | @aCN@b110000 | |
| 200 | 1 | @a空间结构连续性倒塌机制与设计对策@Akong jian jie gou lian xu xing dao ta ji zhi yu she ji dui ce@f赵宪忠等编著@Fzhao xian zhong deng bian zhu |
| 210 | @a北京@c中国建筑工业出版社@d2018.09 | |
| 215 | @a175页@d20cm | |
| 606 | 0 | @a建筑结构@x特殊形式 |
| 690 | @aTU352@v4 | |
| 701 | 0 | @a赵宪忠@Azhao xian zhong@4编著 |
| 801 | 0 | @aCN@bPFT@c20190306 |
| 905 | @a10447@dTU352@eZ339 | |
| 空间结构连续性倒塌机制与设计对策/赵宪忠等编著.-北京:中国建筑工业出版社,2018.09 |
| 175页;20cm |
| ISBN 978-7-112-23027-3:RMB 36.00 |
| ● |
| 相关链接 |
|
|
|
正题名:空间结构连续性倒塌机制与设计对策
索取号:TU352/Z339
 
预约/预借
| 序号 | 登录号 | 条形码 | 馆藏地/架位号 | 状态 | 备注 |
| 1 | 1305181 | 213051819 | 建筑库101/101建筑库 82排1列4层/ [索取号:TU352/Z339] | 在馆 |